000 01161nam a2200289Ia 4500
003 OSt
005 20221005104208.0
006 a|||||r|||| 00| 0
007 ta
008 221004b |||||||| |||| 00| 0 hin d
020 _a9788183153270 (hbk)
_cINR 550.00
024 _a37623
037 _b275, 10/03/2018, Bharatiya Book Corporation
_cTextual
040 _aCRL
_cCRL
_bhin
041 _2hin
_ahin
082 _aQ2:4:g(Z), 152P1;Q8
100 _aकश्यप, शशि, ले.
245 0 _aधर्मशास्त्रों में न्यायव्यवस्था का स्वरूप
246 _aDharmashāstroan mean nyāyavyavasthā kā svarūpa
250 _aसंस्करण 2
260 _aदिल्ली
_bन्यू भारतीय बुक कॉरपोरेशन भारत
_c2018
300 _a213पृ0
_ccm.
650 _a न्याय-दर्शन
650 _aहिन्दू धर्म
942 _hQ2:4:g(Z), 152P1;Q8
_cTEXL
_2cc
999 _c1011998
_d1011998